MARC details
| 000 -CABECERA |
| campo de control de longitud fija |
02849nam a22002657i 4500 |
| 001 - NÚMERO DE CONTROL |
| campo de control |
Rebiun34990451 |
| 008 - DATOS DE LONGITUD FIJA--INFORMACIÓN GENERAL |
| campo de control de longitud fija |
240228s2024 sp ab b 001 u spa d |
| 020 ## - NÚMERO INTERNACIONAL ESTÁNDAR DEL LIBRO |
| Número Internacional Estándar del Libro |
9788412791501 |
| 040 ## - FUENTE DE LA CATALOGACIÓN |
| Centro catalogador/agencia de origen |
ESEHU |
| Lengua de catalogación |
eng |
| Normas de descripción |
rdc |
| Centro/agencia transcriptor |
ESEHU |
| 050 ## - SIGNATURA TOPOGRÁFICA DE LA BIBLIOTECA DEL CONGRESO |
| Número de clasificación |
QH445.2 |
| Número de documento/Ítem |
R88 2017 |
| 100 ## - ENTRADA PRINCIPAL--NOMBRE DE PERSONA |
| Nombre de persona |
Rutherford, Adam |
| 9 (RLIN) |
13497 |
| 245 10 - MENCIÓN DE TÍTULO |
| Título |
Breve historia de todos los que han vivido |
| Resto del título |
: el relato de nuestros genes |
| Mención de responsabilidad, etc. |
/ Adam Rutherford ; traducción de Joan Lluís Riera |
| 260 ## - PUBLICACIÓN, DISTRIBUCIÓN, ETC. |
| Lugar de publicación, distribución, etc. |
Barcelona : |
| Nombre del editor, distribuidor, etc. |
Pasado y Presente, |
| Fecha de publicación, distribución, etc. |
2024 |
| 300 ## - DESCRIPCIÓN FÍSICA |
| Extensión |
352 p. : |
| Otras características físicas |
il., mapa ; |
| Dimensiones |
23 cm |
| 490 1# - MENCIÓN DE SERIE |
| Mención de serie |
Imperdibles |
| 500 ## - NOTA GENERAL |
| Nota general |
Traducción de: A brief history of everyone who ever lived : the stories in our genes |
| 504 ## - NOTA DE BIBLIOGRAFÍA, ETC. |
| Nota de bibliografía, etc. |
Includes bibliographical references and index |
| 520 ## - SUMARIO, ETC. |
| Sumario, etc. |
Esta es una historia sobre ti. La historia de quién eres y cómo has llegado a ser quien eres. Tu historia es única; como lo es la del resto de 10 billones de humanos que alguna vez respiraron. Adam Rutherford, genetista de la Universidad de Londres, ha escrito un libro divertido, apasionante y lúcido que abre las puertas a concebir nuestra existencia de un modo nuevo y fascinante. Nuestro genoma no debe leerse como un manual de instrucciones sino como un poema épico. Con un lenguaje sencillo y emotivo, Rutherford consigue explicar en qué consiste la mayor revolución científica a escala humana de la historia de la humanidad. Sin duda este libro se convertirá en un clásico de la divulgación científica como lo fueron los libros de Stephen Jay Gould o los de Richard Dawkins |
| 520 ## - SUMARIO, ETC. |
| Sumario, etc. |
This is a story about you. It is the history of who you are and how you came to be. Unique to you, as it is to each of the one hundred billion modern humans who have ever drawn breath, it is also our shared story. For within each of our genomes lies the chronicle of our species — of births and deaths, disease and war, famine, migration, and a great deal of sex.<br/><br/>Since scientists first decoded the human genome in 2001, it has become the subject of countless claims, counterclaims, and misconceptions. Yet, as Adam Rutherford argues, our genomes are not instruction manuals to be followed, but epic poems to be interpreted. Our DNA tells us far less than we might imagine about ourselves as individuals — and far more about us as a species.<br/><br/>In this compelling exploration of the ever-evolving field of genetics, Rutherford reveals what our genes can now teach us about history, and what history, in turn, reveals about our genes. From Neanderthals to murder, red hair to race, dead kings to plague, evolution to epigenetics — this is a lucid and revelatory portrait of who we are, and how we came to be. |
| 650 #0 - PUNTO DE ACCESO ADICIONAL DE MATERIA--TÉRMINO DE MATERIA |
| Término de materia o nombre geográfico como elemento de entrada |
Genome, Human--genetics |
| 9 (RLIN) |
25171 |
| 650 #0 - PUNTO DE ACCESO ADICIONAL DE MATERIA--TÉRMINO DE MATERIA |
| Término de materia o nombre geográfico como elemento de entrada |
Genomics--history |
| 9 (RLIN) |
25172 |
| 650 #0 - PUNTO DE ACCESO ADICIONAL DE MATERIA--TÉRMINO DE MATERIA |
| Término de materia o nombre geográfico como elemento de entrada |
Biological Evolution |
| 9 (RLIN) |
25052 |
| 650 #0 - PUNTO DE ACCESO ADICIONAL DE MATERIA--TÉRMINO DE MATERIA |
| Término de materia o nombre geográfico como elemento de entrada |
DNA--history |
| 9 (RLIN) |
25173 |
| 942 ## - ELEMENTOS DE ENTRADA AGREGADA (KOHA) |
| Fuente del sistema de clasificación o colocación |
Clasificación de Library of Congress |